Capital City Rhymes - Statistics

General Stats
  • This quiz has been taken 59,171 times
  • The average score is 12 of 21
Answer Stats
Rhyme Capital City % Correct
Harris Paris
95%
Sienna Vienna
91%
Foam Rome
90%
Vanilla Manila
87%
Muscles Brussels
75%
Maracas Caracas
72%
Earn Bern
71%
Pyro Cairo
70%
Annoy Hanoi
68%
Prima Lima
57%
Bowl Seoul
55%
Saag Prague
50%
Christina Pristina
48%
Pinocchio Tokyo
39%
Brisbane Lisbon
37%
Chili Dili
35%
Veto Quito
33%
Chakra Accra
29%
Aloha Doha
27%
Careers Algiers
24%
Tuba Juba
24%
No matching quizzes found
Score Distribution
Percent of People with Each Score
Percentile by Number Answered
Your Score History
You have not taken this quiz